The FDA medical device user fee program : MDUFA IV reauthorization /

Bibliographic Details
Main Author: Johnson, Judith A. (Judith Ann), 1957- (Author)
Format: Government Document Database
Language:English
Published: [Washington, D.C.] : Congressional Research Service, 2018-
Edition:[Library of Congress public edition].
Series:CRS report ; R44517.
Subjects:
Online Access:https://purl.fdlp.gov/GPO/gpo117960

MARC

Tag First Indicator Second Indicator Subfields
LEADER 00000cai a2200000 i 4500
001 in00004070821
005 20211120102548.0
006 m o d f
007 cr mn|||||||||
008 190401c20189999dcu x w obb f0 2eng c
010 |a  2019231000 
035 |a (OCoLC)on1091056887 
040 |a GPO  |b eng  |e rda  |e pn  |c GPO  |d OCLCF  |d GPO  |d MvI  |d UtOrBLW 
042 |a pcc 
043 |a n-us--- 
049 |a WWW 
074 |a 0807-A-07 (online) 
086 0 |a LC 14.23:R 44517/ 
100 1 |a Johnson, Judith A.  |q (Judith Ann),  |d 1957-  |e author.  |0 http://id.loc.gov/authorities/names/n83234268 
245 1 4 |a The FDA medical device user fee program :  |b MDUFA IV reauthorization /  |c Judtih A. Johnson. 
250 |a [Library of Congress public edition]. 
264 1 |a [Washington, D.C.] :  |b Congressional Research Service,  |c 2018- 
300 |a 1 online resource. 
310 |a Updated irregularly 
336 |a text  |b txt  |2 rdacontent 
337 |a computer  |b c  |2 rdamedia 
338 |a online resource  |b cr  |2 rdacarrier 
490 1 |a Report / Congressional Research Service ;  |v R44517 
500 |a The CRS report home page provides access to all versions published since 2018 in accordance with P.L. 115-141; earliest version dated 2017. 
504 |a Report includes bibliographical references. 
588 |a Description based on contents viewed on Mar. 26, 2019; title from CRS report home page. 
610 1 0 |a United States.  |t Medical Device User Fee and Modernization Act of 2002.  |0 http://id.loc.gov/authorities/names/no2003003010 
650 0 |a Medical instruments and apparatus industry  |z United States.  |0 http://id.loc.gov/authorities/subjects/sh2008107421 
650 0 |a Medical technology  |x Law and legislation  |z United States. 
650 0 |a User charges  |x Law and legislation  |z United States.  |0 http://id.loc.gov/authorities/subjects/sh2010117605 
710 2 |a Library of Congress.  |b Congressional Research Service,  |e issuing body.  |0 http://id.loc.gov/authorities/names/n79061321 
773 0 8 |i Contained in (work):  |t CRS reports (Library of Congress. Congressional Research Service)  |w (DLC) 2018231131  |w (OCoLC)1052784408 
830 0 |a CRS report ;  |v R44517.  |0 http://id.loc.gov/authorities/names/no2018108464 
856 4 0 |u https://purl.fdlp.gov/GPO/gpo117960  |t 0 
999 f f |s dae4a4ec-be3b-327d-8c03-79a8bcc19ed6  |i ee521a09-7a3f-3a4d-8717-795c95bca825  |t 0 
952 f f |a Texas A&M University  |b College Station  |c Electronic Resources  |d Available Online  |t 0  |e LC 14.23:R 44517/  |h Superintendent of Documents classification 
998 f f |a LC 14.23:R 44517/  |t 0  |l Available Online